[Event "World Youth & Cadets Blitz Championships"]
[Site "Rhodes, Greece"]
[Date "2022.05.03"]
[Round "8.36"]
[White "Blokhin, Sofia"]
[Black "Nel, Hayley"]
[Result "1-0"]
[TimeControl "5'/game & 2\"/move"]
[WhiteElo "1764"]
[BlackElo "1206"]

1. e4 {[%clk 00:05:03]} e5 {[%clk 00:05:03]} {[%emt 00:00:01]} 2. Bc4 {[%clk
00:05:04]} {[%emt 00:00:02]} Bc5 {[%clk 00:05:00]} {[%emt 00:00:05]} 3. Nf3
{[%clk 00:05:03]} {[%emt 00:00:02]} Nc6 {[%clk 00:04:56]} {[%emt 00:00:06]} 4.
d3 {[%clk 00:05:04]} {[%emt 00:00:04]} Nf6 {[%clk 00:04:53]} {[%emt 00:00:02]}
5. O-O {[%clk 00:05:03]} {[%emt 00:00:03]} a6 {[%clk 00:04:53]} {[%emt
00:00:03]} 6. c3 {[%clk 00:05:02]} {[%emt 00:00:02]} d6 {[%clk 00:04:46]}
{[%emt 00:00:09]} 7. b4 {[%clk 00:05:03]} {[%emt 00:00:02]} Ba7 {[%clk
00:04:46]} {[%emt 00:00:02]} 8. a4 {[%clk 00:05:00]} {[%emt 00:00:05]} O-O
{[%clk 00:04:45]} {[%emt 00:00:03]} 9. h3 {[%clk 00:04:56]} {[%emt 00:00:05]}
Ne7 {[%clk 00:04:39]} {[%emt 00:00:08]} 10. Nbd2 {[%clk 00:04:47]} {[%emt
00:00:10]} c6 {[%clk 00:04:38]} {[%emt 00:00:05]} 11. Bb3 {[%clk 00:04:44]}
{[%emt 00:00:04]} h6 {[%clk 00:04:39]} {[%emt 00:00:02]} 12. a5 {[%clk
00:04:39]} {[%emt 00:00:07]} Nh7 {[%clk 00:04:33]} {[%emt 00:00:07]} 13. Nc4
{[%clk 00:04:38]} {[%emt 00:00:04]} Kh8 {[%clk 00:04:22]} {[%emt 00:00:13]} 14.
Be3 {[%clk 00:04:38]} Qc7 {[%clk 00:04:01]} {[%emt 00:00:23]} 15. d4 {[%clk
00:04:15]} {[%emt 00:00:26]} exd4 {[%clk 00:03:53]} {[%emt 00:00:10]} 16. Bxd4
{[%clk 00:03:59]} {[%emt 00:00:18]} c5 {[%clk 00:03:30]} {[%emt 00:00:24]} 17.
Be3 {[%clk 00:03:45]} {[%emt 00:00:16]} Be6 {[%clk 00:03:26]} {[%emt 00:00:06]}
18. Qe2 {[%clk 00:03:21]} {[%emt 00:00:27]} cxb4 {[%clk 00:02:55]} {[%emt
00:00:33]} 19. Bxa7 {[%clk 00:03:20]} {[%emt 00:00:02]} Rxa7 {[%clk 00:02:55]}
{[%emt 00:00:02]} 20. cxb4 {[%clk 00:03:14]} {[%emt 00:00:08]} Bxc4 {[%clk
00:02:42]} {[%emt 00:00:16]} 21. Bxc4 {[%clk 00:03:14]} {[%emt 00:00:02]} Nc6
{[%clk 00:02:37]} {[%emt 00:00:07]} 22. Rac1 {[%clk 00:03:01]} {[%emt
00:00:15]} Qe7 {[%clk 00:02:28]} {[%emt 00:00:11]} 23. Rb1 {[%clk 00:02:18]}
{[%emt 00:00:45]} Nf6 {[%clk 00:02:25]} {[%emt 00:00:04]} 24. Rfe1 {[%clk
00:02:16]} {[%emt 00:00:04]} Re8 {[%clk 00:02:07]} {[%emt 00:00:21]} 25. Nd2
{[%clk 00:02:06]} {[%emt 00:00:12]} d5 {[%clk 00:01:44]} {[%emt 00:00:25]} 26.
exd5 {[%clk 00:01:57]} {[%emt 00:00:10]} Qxe2 {[%clk 00:01:44]} {[%emt
00:00:02]} 27. Bxe2 {[%clk 00:01:51]} {[%emt 00:00:09]} Nxd5 {[%clk 00:01:41]}
{[%emt 00:00:05]} 28. Bd3 {[%clk 00:01:48]} {[%emt 00:00:05]} Rxe1+ {[%clk
00:01:36]} {[%emt 00:00:06]} 29. Rxe1 {[%clk 00:01:48]} {[%emt 00:00:02]} Ra8
{[%clk 00:01:36]} {[%emt 00:00:03]} 30. b5 {[%clk 00:01:35]} {[%emt 00:00:15]}
axb5 {[%clk 00:01:23]} {[%emt 00:00:15]} 31. Bxb5 {[%clk 00:01:35]} {[%emt
00:00:02]} Rxa5 {[%clk 00:01:19]} {[%emt 00:00:06]} 32. Re8+ {[%clk 00:01:10]}
{[%emt 00:00:27]} Kh7 {[%clk 00:01:20]} {[%emt 00:00:01]} 33. Bd3+ {[%clk
00:01:09]} {[%emt 00:00:03]} g6 {[%clk 00:01:17]} {[%emt 00:00:05]} 34. Ne4
{[%clk 00:01:03]} {[%emt 00:00:08]} Ra1+ {[%clk 00:01:08]} {[%emt 00:00:11]} 35.
Kh2 {[%clk 00:01:04]} Kg7 {[%clk 00:01:01]} {[%emt 00:00:08]} 36. Bc4 {[%clk
00:01:04]} {[%emt 00:00:03]} Nf6 {[%clk 00:00:59]} {[%emt 00:00:04]} 37. Nxf6
{[%clk 00:00:55]} {[%emt 00:00:11]} Kxf6 {[%clk 00:00:59]} {[%emt 00:00:02]} 38.
Rf8 {[%clk 00:00:48]} {[%emt 00:00:09]} Ne5 {[%clk 00:00:58]} {[%emt 00:00:02]}
39. Bd5 {[%clk 00:00:46]} {[%emt 00:00:04]} b5 {[%clk 00:00:49]} {[%emt
00:00:11]} 40. f4 {[%clk 00:00:47]} Nd3 {[%clk 00:00:43]} {[%emt 00:00:09]} 41.
Rxf7# {[%clk 00:00:46]} {[%emt 00:00:03]} 1-0

[Event "World Youth & Cadets Blitz Championships"]
[Site "Rhodes, Greece"]
[Date "2022.05.03"]
[Round "8.37"]
[White "Hnatyshyn, Anastasiia"]
[Black "Badica, Ariana"]
[Result "1-0"]
[TimeControl "5'/game & 2\"/move"]
[WhiteElo "1784"]
[BlackElo "1371"]

1. e4 {[%clk 00:05:02]} {[%emt 00:00:02]} c5 {[%clk 00:05:03]} {[%emt
00:00:02]} 2. Nf3 {[%clk 00:05:03]} {[%emt 00:00:01]} e6 {[%clk 00:05:04]}
{[%emt 00:00:01]} 3. d4 {[%clk 00:05:03]} {[%emt 00:00:02]} cxd4 {[%clk
00:05:04]} {[%emt 00:00:02]} 4. Nxd4 {[%clk 00:05:03]} {[%emt 00:00:01]} Nc6
{[%clk 00:05:04]} {[%emt 00:00:04]} 5. Nc3 {[%clk 00:05:01]} {[%emt 00:00:04]}
Qc7 {[%clk 00:05:03]} {[%emt 00:00:02]} 6. a3 {[%clk 00:04:51]} {[%emt
00:00:11]} a6 {[%clk 00:05:03]} {[%emt 00:00:03]} 7. Nxc6 {[%clk 00:04:49]}
{[%emt 00:00:04]} bxc6 {[%clk 00:05:03]} {[%emt 00:00:02]} 8. Bd3 {[%clk
00:04:48]} {[%emt 00:00:03]} Nf6 {[%clk 00:05:02]} {[%emt 00:00:03]} 9. O-O
{[%clk 00:04:45]} {[%emt 00:00:05]} d5 {[%clk 00:05:00]} {[%emt 00:00:04]} 10.
exd5 {[%clk 00:04:44]} {[%emt 00:00:02]} cxd5 {[%clk 00:04:58]} {[%emt
00:00:04]} 11. Qe2 {[%clk 00:04:22]} {[%emt 00:00:25]} Bd6 {[%clk 00:04:55]}
{[%emt 00:00:05]} 12. h3 {[%clk 00:04:20]} {[%emt 00:00:03]} O-O {[%clk
00:04:54]} {[%emt 00:00:04]} 13. Bg5 {[%clk 00:04:17]} {[%emt 00:00:05]} Be5
{[%clk 00:03:53]} {[%emt 00:01:02]} 14. Nd1 {[%clk 00:03:55]} {[%emt 00:00:24]}
Bb7 {[%clk 00:03:43]} {[%emt 00:00:12]} 15. c3 {[%clk 00:03:50]} {[%emt
00:00:07]} h6 {[%clk 00:02:45]} {[%emt 00:01:00]} 16. Be3 {[%clk 00:03:32]}
{[%emt 00:00:20]} Qc6 {[%clk 00:02:22]} {[%emt 00:00:26]} 17. f4 {[%clk
00:03:06]} {[%emt 00:00:28]} Bd6 {[%clk 00:02:14]} {[%emt 00:00:10]} 18. Kh1
{[%clk 00:03:03]} {[%emt 00:00:04]} Rae8 {[%clk 00:02:10]} {[%emt 00:00:07]} 19.
Bd4 {[%clk 00:03:02]} {[%emt 00:00:04]} Nd7 {[%clk 00:01:30]} {[%emt 00:00:42]}
20. Qg4 {[%clk 00:02:30]} {[%emt 00:00:33]} e5 {[%clk 00:01:20]} {[%emt
00:00:12]} 21. fxe5 {[%clk 00:02:25]} {[%emt 00:00:06]} Nxe5 {[%clk 00:01:16]}
{[%emt 00:00:06]} 22. Qg3 {[%clk 00:02:07]} {[%emt 00:00:21]} Ng6 {[%clk
00:00:37]} {[%emt 00:00:40]} 23. Qf3 {[%clk 00:01:54]} {[%emt 00:00:15]} Bc7
{[%clk 00:00:21]} {[%emt 00:00:19]} 24. g3 {[%clk 00:01:26]} {[%emt 00:00:30]}
Qd6 {[%clk 00:00:19]} {[%emt 00:00:04]} 25. Rg1 {[%clk 00:01:17]} {[%emt
00:00:11]} Bc8 {[%clk 00:00:16]} {[%emt 00:00:05]} 26. Nf2 {[%clk 00:01:15]}
{[%emt 00:00:03]} Re6 {[%clk 00:00:13]} {[%emt 00:00:06]} 27. b4 {[%clk
00:00:52]} {[%emt 00:00:26]} Ree8 {[%clk 00:00:11]} {[%emt 00:00:03]} 28. Bc5
{[%clk 00:00:44]} {[%emt 00:00:10]} Qe5 {[%clk 00:00:09]} {[%emt 00:00:04]} 29.
Bxf8 {[%clk 00:00:39]} {[%emt 00:00:06]} Rxf8 {[%clk 00:00:10]} {[%emt
00:00:02]} 30. c4 {[%clk 00:00:24]} {[%emt 00:00:17]} Nh4 {[%clk 00:00:09]}
{[%emt 00:00:03]} 31. Qe2 {[%clk 00:00:18]} {[%emt 00:00:08]} Qd6 {[%clk
00:00:04]} {[%emt 00:00:07]} 32. c5 {[%clk 00:00:19]} {[%emt 00:00:01]} Qe5
{[%clk 00:00:00]} {[%emt 00:00:04]} 33. Qxe5 {[%clk 00:00:19]} {[%emt
00:00:01]} 1-0

[Event "World Youth & Cadets Blitz Championships"]
[Site "Rhodes, Greece"]
[Date "2022.05.03"]
[Round "8.38"]
[White "Beber, Anja"]
[Black "Smietanska, Wiktoria"]
[Result "0-1"]
[TimeControl "5'/game & 2\"/move"]
[WhiteElo "1491"]
[BlackElo "1890"]

1. e4 {[%clk 00:05:00]} {[%emt 00:00:03]} c5 {[%clk 00:05:03]} {[%emt
00:00:02]} 2. Nf3 {[%clk 00:05:00]} {[%emt 00:00:02]} d6 {[%clk 00:05:04]}
{[%emt 00:00:01]} 3. d4 {[%clk 00:05:00]} {[%emt 00:00:02]} cxd4 {[%clk
00:05:05]} {[%emt 00:00:02]} 4. Nxd4 {[%clk 00:05:01]} {[%emt 00:00:01]} Nf6
{[%clk 00:05:05]} {[%emt 00:00:01]} 5. Nc3 {[%clk 00:05:01]} {[%emt 00:00:02]}
a6 {[%clk 00:05:06]} {[%emt 00:00:02]} 6. Be3 {[%clk 00:04:59]} {[%emt
00:00:02]} e5 {[%clk 00:05:07]} {[%emt 00:00:02]} 7. Nb3 {[%clk 00:04:59]}
{[%emt 00:00:02]} Be7 {[%clk 00:05:07]} {[%emt 00:00:03]} 8. f3 {[%clk
00:04:58]} {[%emt 00:00:02]} Be6 {[%clk 00:05:05]} {[%emt 00:00:04]} 9. Be2
{[%clk 00:04:53]} {[%emt 00:00:05]} Nbd7 {[%clk 00:05:06]} {[%emt 00:00:04]} 10.
O-O {[%clk 00:04:50]} {[%emt 00:00:04]} O-O {[%clk 00:05:01]} {[%emt 00:00:07]}
11. Qd2 {[%clk 00:04:47]} {[%emt 00:00:04]} Rc8 {[%clk 00:04:36]} {[%emt
00:00:28]} 12. Rfd1 {[%clk 00:04:46]} {[%emt 00:00:03]} Qc7 {[%clk 00:04:20]}
{[%emt 00:00:18]} 13. Bd3 {[%clk 00:04:43]} {[%emt 00:00:05]} Rfd8 {[%clk
00:04:09]} {[%emt 00:00:13]} 14. Qf2 {[%clk 00:04:13]} {[%emt 00:00:32]} b5
{[%clk 00:03:32]} {[%emt 00:00:39]} 15. Rac1 {[%clk 00:03:56]} {[%emt
00:00:19]} Rb8 {[%clk 00:03:21]} {[%emt 00:00:14]} 16. Ne2 {[%clk 00:03:48]}
{[%emt 00:00:09]} Nb6 {[%clk 00:03:16]} {[%emt 00:00:07]} 17. Nd2 {[%clk
00:03:39]} {[%emt 00:00:11]} d5 {[%clk 00:02:50]} {[%emt 00:00:28]} 18. exd5
{[%clk 00:03:40]} {[%emt 00:00:01]} Nbxd5 {[%clk 00:02:50]} {[%emt 00:00:02]}
19. Kh1 {[%clk 00:03:17]} {[%emt 00:00:25]} Nxe3 {[%clk 00:02:45]} {[%emt
00:00:07]} 20. Qxe3 {[%clk 00:03:17]} {[%emt 00:00:02]} h6 {[%clk 00:02:28]}
{[%emt 00:00:19]} 21. Ne4 {[%clk 00:03:12]} {[%emt 00:00:07]} Nxe4 {[%clk
00:02:11]} {[%emt 00:00:19]} 22. Qxe4 {[%clk 00:03:01]} {[%emt 00:00:13]} f5
{[%clk 00:02:10]} {[%emt 00:00:03]} 23. Qe3 {[%clk 00:03:01]} {[%emt 00:00:02]}
Bc5 {[%clk 00:01:53]} {[%emt 00:00:19]} 24. Qd2 {[%clk 00:02:49]} {[%emt
00:00:15]} e4 {[%clk 00:01:43]} {[%emt 00:00:11]} 25. fxe4 {[%clk 00:02:46]}
{[%emt 00:00:05]} fxe4 {[%clk 00:01:43]} {[%emt 00:00:02]} 26. Qc3 {[%clk
00:02:42]} {[%emt 00:00:05]} exd3 {[%clk 00:01:36]} {[%emt 00:00:10]} 27. cxd3
{[%clk 00:02:42]} {[%emt 00:00:02]} Rbc8 {[%clk 00:01:15]} {[%emt 00:00:23]} 28.
d4 {[%clk 00:02:34]} {[%emt 00:00:10]} Bb6 {[%clk 00:01:06]} {[%emt 00:00:11]}
29. Qe3 {[%clk 00:02:34]} {[%emt 00:00:02]} Qd6 {[%clk 00:01:00]} {[%emt
00:00:08]} 30. Rxc8 {[%clk 00:02:26]} {[%emt 00:00:10]} Rxc8 {[%clk 00:00:59]}
{[%emt 00:00:03]} 31. Nf4 {[%clk 00:02:24]} {[%emt 00:00:04]} Bf7 {[%clk
00:00:58]} {[%emt 00:00:03]} 32. Ne2 {[%clk 00:02:15]} {[%emt 00:00:11]} Re8
{[%clk 00:00:53]} {[%emt 00:00:07]} 33. Qd2 {[%clk 00:02:11]} {[%emt 00:00:05]}
Bh5 {[%clk 00:00:48]} {[%emt 00:00:08]} 34. Nc3 {[%clk 00:01:38]} {[%emt
00:00:36]} Bxd1 {[%clk 00:00:45]} {[%emt 00:00:05]} 35. Qxd1 {[%clk 00:01:35]}
{[%emt 00:00:05]} Qxd4 {[%clk 00:00:43]} {[%emt 00:00:03]} 36. Qb3+ {[%clk
00:01:27]} {[%emt 00:00:09]} Kh8 {[%clk 00:00:42]} {[%emt 00:00:03]} 37. h3
{[%clk 00:01:23]} {[%emt 00:00:07]} Qg1# {[%clk 00:00:42]} {[%emt 00:00:02]}
0-1

[Event "World Youth & Cadets Blitz Championships"]
[Site "Rhodes, Greece"]
[Date "2022.05.03"]
[Round "8.40"]
[White "Pawlicz, Zuzanna"]
[Black "Veselow, Zoe"]
[Result "0-1"]
[TimeControl "5'/game & 2\"/move"]
[WhiteElo "1054"]
[BlackElo "1124"]

1. e4 {[%clk 00:05:03]} c5 {[%clk 00:05:02]} {[%emt 00:00:02]} 2. Nf3 {[%clk
00:05:03]} {[%emt 00:00:02]} e6 {[%clk 00:05:03]} {[%emt 00:00:02]} 3. g3
{[%clk 00:05:04]} {[%emt 00:00:01]} d5 {[%clk 00:05:01]} {[%emt 00:00:05]} 4.
exd5 {[%clk 00:05:04]} {[%emt 00:00:02]} exd5 {[%clk 00:04:59]} {[%emt
00:00:03]} 5. Qe2+ {[%clk 00:05:04]} {[%emt 00:00:02]} Be7 {[%clk 00:04:55]}
{[%emt 00:00:06]} 6. Bg2 {[%clk 00:05:05]} {[%emt 00:00:02]} Nf6 {[%clk
00:04:55]} {[%emt 00:00:03]} 7. O-O {[%clk 00:05:01]} {[%emt 00:00:05]} O-O
{[%clk 00:04:52]} {[%emt 00:00:04]} 8. d3 {[%clk 00:04:59]} {[%emt 00:00:05]}
b6 {[%clk 00:04:48]} {[%emt 00:00:06]} 9. d4 {[%clk 00:04:52]} {[%emt
00:00:09]} Bb7 {[%clk 00:04:45]} {[%emt 00:00:04]} 10. Bf4 {[%clk 00:04:35]}
{[%emt 00:00:18]} Ba6 {[%clk 00:04:45]} {[%emt 00:00:05]} 11. Qe1 {[%clk
00:04:07]} {[%emt 00:00:29]} Bxf1 {[%clk 00:04:39]} {[%emt 00:00:07]} 12. Qxf1
{[%clk 00:04:06]} {[%emt 00:00:04]} Nc6 {[%clk 00:04:36]} {[%emt 00:00:05]} 13.
dxc5 {[%clk 00:04:05]} {[%emt 00:00:04]} bxc5 {[%clk 00:04:35]} {[%emt
00:00:03]} 14. Qb5 {[%clk 00:03:56]} {[%emt 00:00:10]} Qd7 {[%clk 00:04:24]}
{[%emt 00:00:13]} 15. Nc3 {[%clk 00:03:47]} {[%emt 00:00:11]} d4 {[%clk
00:04:15]} {[%emt 00:00:11]} 16. Ne2 {[%clk 00:03:37]} {[%emt 00:00:13]} a6
{[%clk 00:04:10]} {[%emt 00:00:06]} 17. Qc4 {[%clk 00:03:23]} {[%emt 00:00:15]}
Bd6 {[%clk 00:04:01]} {[%emt 00:00:12]} 18. Bxd6 {[%clk 00:03:19]} {[%emt
00:00:07]} Qxd6 {[%clk 00:03:59]} {[%emt 00:00:03]} 19. Nd2 {[%clk 00:02:56]}
{[%emt 00:00:23]} Rfb8 {[%clk 00:03:49]} {[%emt 00:00:13]} 20. b3 {[%clk
00:02:53]} {[%emt 00:00:06]} Rb4 {[%clk 00:03:43]} {[%emt 00:00:08]} 21. Qd3
{[%clk 00:02:33]} {[%emt 00:00:20]} a5 {[%clk 00:03:13]} {[%emt 00:00:34]} 22.
a3 {[%clk 00:02:24]} {[%emt 00:00:11]} Rb6 {[%clk 00:03:09]} {[%emt 00:00:05]}
23. Nc4 {[%clk 00:02:22]} {[%emt 00:00:05]} Qc7 {[%clk 00:03:05]} {[%emt
00:00:05]} 24. Nxb6 {[%clk 00:02:21]} {[%emt 00:00:03]} Qxb6 {[%clk 00:03:04]}
{[%emt 00:00:03]} 25. c3 {[%clk 00:02:02]} {[%emt 00:00:22]} dxc3 {[%clk
00:02:54]} {[%emt 00:00:11]} 26. Qxc3 {[%clk 00:01:58]} {[%emt 00:00:07]} Rc8
{[%clk 00:02:46]} {[%emt 00:00:10]} 27. Bxc6 {[%clk 00:01:49]} {[%emt
00:00:11]} Rxc6 {[%clk 00:02:43]} {[%emt 00:00:04]} 28. Rd1 {[%clk 00:01:39]}
{[%emt 00:00:13]} h6 {[%clk 00:02:38]} {[%emt 00:00:07]} 29. Nf4 {[%clk
00:01:18]} {[%emt 00:00:24]} Kh7 {[%clk 00:02:20]} {[%emt 00:00:19]} 30. Nd5
{[%clk 00:01:16]} {[%emt 00:00:05]} Nxd5 {[%clk 00:02:15]} {[%emt 00:00:07]} 31.
Qd3+ {[%clk 00:01:15]} {[%emt 00:00:02]} g6 {[%clk 00:02:12]} {[%emt 00:00:05]}
32. Qxd5 {[%clk 00:01:14]} {[%emt 00:00:03]} Kg7 {[%clk 00:02:05]} {[%emt
00:00:08]} 33. Qe5+ {[%clk 00:01:12]} {[%emt 00:00:03]} Rf6 {[%clk 00:01:56]}
{[%emt 00:00:12]} 34. f4 {[%clk 00:00:58]} {[%emt 00:00:16]} c4+ {[%clk
00:00:00]} {[%emt 00:01:03]} 35. Kf1 {[%clk 00:00:00]} {[%emt 00:00:40]} cxb3
{[%clk 00:02:43]} {[%emt 00:01:04]} 36. Rb1 {[%clk 00:00:49]} {[%emt 00:00:07]}
a4 {[%clk 00:02:40]} {[%emt 00:00:05]} 37. g4 {[%emt 00:00:05]} Qe6 {[%clk
00:02:35]} {[%emt 00:00:05]} 38. Qxe6 {[%clk 00:00:35]} {[%emt 00:00:14]} Rxf4+
{[%clk 00:02:32]} {[%emt 00:00:05]} 39. Ke2 {[%clk 00:00:24]} {[%emt 00:00:13]}
fxe6 {[%clk 00:02:31]} {[%emt 00:00:02]} 40. h3 {[%clk 00:00:21]} {[%emt
00:00:06]} Rf7 {[%clk 00:02:27]} {[%emt 00:00:06]} 41. Rc1 {[%clk 00:00:18]}
{[%emt 00:00:05]} Rb7 {[%clk 00:02:11]} {[%emt 00:00:18]} 42. Rb1 {[%clk
00:00:16]} {[%emt 00:00:05]} Kf6 {[%clk 00:02:03]} {[%emt 00:00:09]} 43. Kf3
{[%clk 00:00:15]} {[%emt 00:00:03]} g5 {[%clk 00:01:58]} {[%emt 00:00:08]} 44.
Kg3 {[%clk 00:00:14]} {[%emt 00:00:02]} b2 {[%clk 00:01:55]} {[%emt 00:00:05]}
45. h4 {[%clk 00:00:15]} gxh4+ {[%clk 00:01:55]} {[%emt 00:00:02]} 46. Kxh4
{[%clk 00:00:16]} {[%emt 00:00:02]} Rb3 {[%emt 00:04:21]} 47. Kg3 {[%emt
00:01:50]} Ke5+ {[%emt 00:02:38]} 48. Kh4 {[%emt 00:00:27]} 0-1

[Event "World Youth & Cadets Blitz Championships"]
[Site "Rhodes, Greece"]
[Date "2022.05.03"]
[Round "9.1"]
[White "Fromm, Marius"]
[Black "Nogerbek, Kazybek"]
[Result "0-1"]
[TimeControl "5'/game & 2\"/move"]
[WhiteElo "2299"]
[BlackElo "2441"]

1. e4 {[%clk 00:05:01]} {[%emt 00:00:02]} Nc6 {[%emt 00:00:04]} 2. Nf3 {[%clk
00:04:59]} {[%emt 00:00:02]} d6 {[%clk 00:05:03]} {[%emt 00:00:02]} 3. d4
{[%clk 00:04:55]} {[%emt 00:00:07]} Nf6 {[%clk 00:05:04]} {[%emt 00:00:01]} 4.
Nc3 {[%clk 00:04:55]} {[%emt 00:00:01]} g6 {[%clk 00:05:04]} {[%emt 00:00:01]}
5. Be3 {[%clk 00:04:43]} {[%emt 00:00:16]} Bg7 {[%clk 00:05:03]} {[%emt
00:00:02]} 6. Qd2 {[%clk 00:04:37]} {[%emt 00:00:08]} O-O {[%clk 00:05:02]}
{[%emt 00:00:03]} 7. Be2 {[%clk 00:04:36]} {[%emt 00:00:03]} e5 {[%clk
00:05:02]} {[%emt 00:00:01]} 8. dxe5 {[%clk 00:04:37]} {[%emt 00:00:02]} dxe5
{[%clk 00:04:50]} {[%emt 00:00:14]} 9. Bc4 {[%clk 00:03:55]} {[%emt 00:00:44]}
Qe7 {[%clk 00:04:39]} {[%emt 00:00:12]} 10. h3 {[%clk 00:03:53]} {[%emt
00:00:05]} Rd8 {[%clk 00:04:38]} {[%emt 00:00:03]} 11. Qc1 {[%clk 00:03:39]}
{[%emt 00:00:16]} Nd4 {[%emt 00:00:04]} 12. Ng5 {[%clk 00:03:36]} {[%emt
00:00:05]} Rf8 {[%clk 00:04:31]} {[%emt 00:00:08]} 13. Nd5 {[%clk 00:02:45]}
{[%emt 00:00:53]} Nxd5 {[%clk 00:04:31]} {[%emt 00:00:02]} 14. Bxd5 {[%clk
00:02:46]} {[%emt 00:00:01]} h6 {[%clk 00:04:20]} {[%emt 00:00:12]} 15. c3
{[%clk 00:02:21]} {[%emt 00:00:28]} Nb5 {[%clk 00:03:29]} {[%emt 00:00:52]} 16.
Nxf7 {[%clk 00:01:49]} {[%emt 00:00:34]} Rxf7 {[%clk 00:03:29]} {[%emt
00:00:02]} 17. Bxf7+ {[%clk 00:01:50]} Qxf7 {[%clk 00:03:29]} {[%emt 00:00:02]}
18. Bxh6 {[%clk 00:01:50]} {[%emt 00:00:02]} Qc4 {[%clk 00:03:29]} {[%emt
00:00:02]} 19. f3 {[%clk 00:01:30]} {[%emt 00:00:22]} Nd6 {[%emt 00:00:06]} 20.
Bxg7 {[%clk 00:01:27]} Kxg7 {[%clk 00:03:30]} {[%emt 00:00:01]} 21. Qg5 {[%clk
00:01:26]} {[%emt 00:00:04]} Nf7 {[%clk 00:03:11]} {[%emt 00:00:22]} 22. Qe3
{[%clk 00:01:27]} Be6 {[%clk 00:03:04]} {[%emt 00:00:09]} 23. b3 {[%clk
00:01:27]} {[%emt 00:00:02]} Qc6 {[%clk 00:02:55]} {[%emt 00:00:11]} 24. O-O
{[%clk 00:01:24]} {[%emt 00:00:05]} Qb6 {[%clk 00:02:53]} {[%emt 00:00:04]} 25.
Kf2 {[%clk 00:01:21]} {[%emt 00:00:05]} Nd6 {[%clk 00:02:54]} {[%emt 00:00:01]}
26. Rfd1 {[%clk 00:01:14]} {[%emt 00:00:09]} Rf8 {[%clk 00:02:50]} {[%emt
00:00:06]} 27. Qxb6 {[%clk 00:01:07]} {[%emt 00:00:10]} axb6 {[%clk 00:02:49]}
{[%emt 00:00:02]} 28. Ke3 {[%clk 00:01:07]} {[%emt 00:00:01]} Ra8 {[%clk
00:02:50]} {[%emt 00:00:01]} 29. c4 {[%clk 00:01:02]} {[%emt 00:00:08]} Ra3
{[%clk 00:02:51]} {[%emt 00:00:02]} 30. Rdc1 {[%clk 00:00:51]} {[%emt
00:00:12]} Kf6 {[%emt 00:00:27]} 31. Kf2 {[%clk 00:00:48]} {[%emt 00:00:01]} b5
{[%clk 00:02:22]} {[%emt 00:00:10]} 32. c5 {[%clk 00:00:38]} {[%emt 00:00:13]}
Nc8 {[%clk 00:02:22]} 33. Rc2 {[%clk 00:00:35]} {[%emt 00:00:06]} Ne7 {[%clk
00:02:22]} {[%emt 00:00:01]} 34. Rd1 {[%clk 00:00:26]} {[%emt 00:00:10]} Nc6
{[%clk 00:02:22]} {[%emt 00:00:03]} 35. g3 {[%clk 00:00:27]} Nb4 {[%clk
00:02:02]} {[%emt 00:00:22]} 36. Rb2 {[%clk 00:00:23]} {[%emt 00:00:05]} Nxa2
{[%clk 00:01:52]} {[%emt 00:00:14]} 37. f4 {[%clk 00:00:17]} {[%emt 00:00:07]}
Nc3 {[%clk 00:01:48]} {[%emt 00:00:05]} 38. Re1 {[%clk 00:00:15]} {[%emt
00:00:05]} Bxb3 {[%clk 00:01:49]} {[%emt 00:00:01]} 39. Kg2 {[%clk 00:00:09]}
{[%emt 00:00:09]} b4 {[%clk 00:01:41]} {[%emt 00:00:10]} 40. Re3 {[%clk
00:00:05]} {[%emt 00:00:06]} Ra2 {[%clk 00:01:38]} {[%emt 00:00:04]} 41. Rxa2
{[%clk 00:00:04]} {[%emt 00:00:03]} Bxa2 {[%clk 00:01:39]} 0-1